Statistics for Ghostbusters (1984 film) Characters Quiz

Click here to take the quiz!

General Stats

  • This quiz has been taken 90 times
  • The average score is 7 of 9

Answer Stats

Actor/ActressDescriptionCharacter% Correct
Bill MurrayThe leader of the Ghostbusters, who holds a Ph.D. in psychologyPeter Venkman
99%
Harold RamisThe brains of the Ghostbusters who serves as Peter Venkman's second-in-command, and the creator of the Ghostbusters' equipment along with Raymond StantzEgon Spengler
98%
Dan AykroydA member of the team, who is an expert on paranormal history and metallurgyRaymond "Ray" Stantz
95%
Sigourney WeaverA single musician, living in the building which will become the gateway to a Sumerian god and the love interest of VenkmanDana Barrett
91%
Ernie HudsonUnlike the other members of the team, he is not a scientist with a background in the paranormalWinston Zeddemore
79%
Annie PottsThe Ghostbusters' secretaryJanine Melnitz
69%
Rick MoranisA nerdy accountant and a neighbor of Dana BarrettLouis Tully
65%
Slavitza JovanA sadistic Sumerian shapeshifting godGozer
60%
David MarguliesThe mayor of New York CityLenny Clotch
37%

Score Distribution

Percentile by Number Answered

Percent of People with Each Score

Your Score History

You have not taken this quiz